Mahabharata : Sử thi Ấn Độ
Salvato in:
| Autore principale: | |
|---|---|
| Natura: | Libro |
| Lingua: | Undetermined |
| Pubblicazione: |
Hà Nội
Văn học
2004
|
| Soggetti: | |
| Tags: |
Aggiungi Tag
Nessun Tag, puoi essere il primo ad aggiungerne! !
|
| Thư viện lưu trữ: | Trung tâm Học liệu Trường Đại học Cần Thơ |
|---|
| LEADER | 00558nam a2200205Ia 4500 | ||
|---|---|---|---|
| 001 | CTU_63147 | ||
| 008 | 210402s9999 xx 000 0 und d | ||
| 020 | |b 72000 | ||
| 082 | |a 891.3 | ||
| 082 | |b M214 | ||
| 100 | |a Mahabharata | ||
| 245 | 0 | |a Mahabharata : | |
| 245 | 0 | |b Sử thi Ấn Độ | |
| 245 | 0 | |c Cao Huy Đỉnh, Phạm Thuỷ Ba dịch | |
| 260 | |a Hà Nội | ||
| 260 | |b Văn học | ||
| 260 | |c 2004 | ||
| 650 | |a Indic literature ( vietnamese ) | ||
| 904 | |i Mai Loan | ||
| 980 | |a Trung tâm Học liệu Trường Đại học Cần Thơ | ||